| 000 | 00955cam a22001935a 4500 | ||
|---|---|---|---|
| 001 | L156168 | ||
| 008 | 120502s1819 xxk f 000 0 eng d | ||
| 035 | _a(Sirsi) u156168 | ||
| 041 | 0 | _aeng | |
| 100 | 1 | _aOrmerod, George | |
| 245 | 0 | 4 |
_aThe history of the county palatine and city of Chester _bcompiled from original evidences in public offices, the Harleian and Cottonian mss., parochial registers, private muniments, unpublished ms. collections of successive Cheshire antiquaries, and a personal survey of every township in the county; incorporated with a republication of King's Vale royal, and Leycester's Cheshire antiquities |
| 260 |
_aLondon _bPrinted for Lackington, Hughes, Harding, Mavor, and Jones _c1819 |
||
| 300 |
_a3 v. _c38 cm. |
||
| 520 | _aOnly 415 copies printed, including 65 on large paper. | ||
| 583 | 0 |
_aCondition reviewed _c20120620 _lcondition level 2 (x3) |
|
| 651 | 4 |
_aEngland _y886- |
|
| 690 |
_aRural _96268 |
||
| 942 | _n0 | ||
| 999 |
_c114072 _d114072 |
||